Čo zmenil 11. september 2001

Od utorka 11. septembra 2001 uplynulo desať rokov. Horiace dvojičky boli len začiatok, prezident George W. Bush následne vyhlásil celosvetovú odvetnú kampaň na potrestanie teroristických sprisahancov. Do vendety, ktorú spustil Washington, sa zapojila väčšina krajín sveta. Nastala dekáda vedenia asym...

ver descrição completa

Na minha lista:
Detalhes bibliográficos
Autor principal: Pressburg, Adrian Peter
Formato: Capítulo de Livro
Idioma:eslovaco
Assuntos:
Tags: Adicionar Tag
Sem tags, seja o primeiro a adicionar uma tag!

MARC

LEADER 00000naa a2200000 4500
001 0136604
005 20231113071234.7
041 0 |a slo 
044 |a SK 
245 1 0 |a Čo zmenil 11. september 2001  |c Adrian Peter Pressburg 
520 |a Od utorka 11. septembra 2001 uplynulo desať rokov. Horiace dvojičky boli len začiatok, prezident George W. Bush následne vyhlásil celosvetovú odvetnú kampaň na potrestanie teroristických sprisahancov. Do vendety, ktorú spustil Washington, sa zapojila väčšina krajín sveta. Nastala dekáda vedenia asymetrickej vojny, ktorá vtlačila 21. storočiu vlastnú pečať. 
610 2 0 |a terorizmus 
610 2 0 |a vojny 
610 2 0 |a politika medzinárodná 
610 2 0 |a bezpečnosť medzinárodná 
610 2 0 |a technológie informačné 
610 2 0 |a technológie komunikačné 
610 2 0 |a USA 
610 2 0 |a svet 
100 1 |a Pressburg, Adrian Peter